[Event "GER-chT Lands U20"]
[Site "Tuebingen"]
[Date "2024.10.06"]
[Round "7"]
[White "Windmueller, Simon"]
[Black "Abou Wally, Adrian"]
[Result "1/2-1/2"]
[WhiteElo "2052"]
[BlackElo "1991"]
[PlyCount "78"]
[EventDate "2024.10.03"]
[EventType "team-swiss"]
[EventRounds "7"]
[EventCountry "GER"]
[SourceTitle "CB47_2024"]
[SourceDate "2024.11.20"]
[SourceVersion "1"]
[SourceVersionDate "2024.11.20"]
[SourceQuality "1"]

1. Nf3 Nf6 2. c4 e6 3. g3 d5 4. Bg2 Be7 5. 0-0 0-0 6. d4 dxc4 7. Qc2 a6 8. a4 Nc6 9. Qxc4 Nd5 10. Bd2 Bf6 11. e3 Nb6 12. Qc2 Qe7 13. Rc1 Rd8 14. Nc3 e5 15. dxe5 Nxe5 16. Nxe5 Bxe5 17. a5 Bxc3 18. Bxc3 Nd5 19. Bd4 c6 20. Bc5 Qg5 21. Qb3 Nc7 22. Qa3 Re8 23. e4 Nb5 24. Qb4 Bg4 25. Bb6 Qh5 26. Rc5 Qh6 27. h4 Qf6 28. Re1 Re5 29. Rxe5 Qxe5 30. Qd2 Re8 31. Re3 h6 32. Rd3 Kh7 33. Qf4 Qxf4 34. gxf4 g6 35. f3 Be6 36. Kf2 Re7 37. Bf1 Rd7 38. Rxd7 Bxd7 39. Bxb5 cxb5 1/2-1/2

[Event "GER-chT Lands U20"]
[Site "Tuebingen"]
[Date "2024.10.05"]
[Round "6"]
[White "Abou Wally, Adrian"]
[Black "Karle, Sam"]
[Result "1/2-1/2"]
[WhiteElo "1991"]
[BlackElo "2124"]
[PlyCount "49"]
[EventDate "2024.10.03"]
[EventType "team-swiss"]
[EventRounds "7"]
[EventCountry "GER"]
[SourceTitle "CB47_2024"]
[SourceDate "2024.11.20"]
[SourceVersion "1"]
[SourceVersionDate "2024.11.20"]
[SourceQuality "1"]

1. e4 e5 2. Nf3 Nc6 3. Bc4 Bc5 4. c3 Nf6 5. d4 exd4 6. 0-0 Nxe4 7. cxd4 d5 8. dxc5 dxc4 9. Qe2 Qd3 10. Re1 f5 11. Nc3 0-0 12. Nxe4 fxe4 13. Qxe4 Bf5 14. Qh4 Rae8 15. Bf4 Re4 16. Qg3 Rfe8 17. h3 Rxe1+ 18. Rxe1 Rxe1+ 19. Nxe1 Qe2 20. Qe3 Qxe3 21. fxe3 Nb4 22. a3 Nd3 23. Nxd3 cxd3 24. Kf2 c6 25. Ke1 1/2-1/2

[Event "GER-chT Lands U20"]
[Site "Tuebingen"]
[Date "2024.10.05"]
[Round "5"]
[White "Abou Wally, Adrian"]
[Black "Uhlmann, Tim"]
[Result "1-0"]
[WhiteElo "1991"]
[BlackElo "2067"]
[PlyCount "83"]
[EventDate "2024.10.03"]
[EventType "team-swiss"]
[EventRounds "7"]
[EventCountry "GER"]
[SourceTitle "CB47_2024"]
[SourceDate "2024.11.20"]
[SourceVersion "1"]
[SourceVersionDate "2024.11.20"]
[SourceQuality "1"]

1. e4 e5 2. Nf3 Nc6 3. Bc4 Bc5 4. c3 Nf6 5. d4 exd4 6. 0-0 Nxe4 7. cxd4 d5 8. dxc5 dxc4 9. Qe2 Qd3 10. Re1 f5 11. Nc3 0-0 12. Nxe4 fxe4 13. Qxe4 Bf5 14. Qh4 Rae8 15. Bf4 Nd4 16. Nxd4 Qxd4 17. Qg3 Qxb2 18. Be5 Rxe5 19. Qxe5 Qxe5 20. Rxe5 c3 21. Kf1 Bd3+ 22. Ke1 Rd8 23. Rc1 c2 24. Re7 Rc8 25. g4 Kf8 26. Rd7 Bg6 27. Kd2 c6 28. Re1 b6 29. f4 h5 30. f5 Bh7 31. h3 hxg4 32. hxg4 bxc5 33. Kxc2 Rb8 34. Ree7 Bg8 35. Rxa7 Bxa2 36. Rxg7 Bd5 37. f6 c4 38. g5 c5 39. g6 Rb3 40. Rge7 Rg3 41. g7+ Kg8 42. Re8+ 1-0

[Event "St Veit op 43rd"]
[Site "St Veit"]
[Date "2024.07.10"]
[Round "6"]
[White "Hoegl, Emanuel"]
[Black "Abou Wally, Adrian"]
[Result "1-0"]
[WhiteElo "2167"]
[BlackElo "1893"]
[PlyCount "67"]
[EventDate "2024.07.06"]
[EventType "swiss"]
[EventRounds "9"]
[EventCountry "AUT"]
[SourceTitle "CBM 221 Extra"]
[Source "ChessBase"]
[SourceDate "2024.09.30"]
[SourceVersion "1"]
[SourceVersionDate "2024.09.30"]
[SourceQuality "1"]

1. d4 Nf6 2. c4 g6 3. Nc3 d5 4. Nf3 Bg7 5. h4 c6 6. cxd5 cxd5 7. Bf4 h5 8. e3 0-0 9. Be2 Nc6 10. Ne5 a6 11. Rc1 e6 12. a3 Bd7 13. 0-0 Nxe5 14. Bxe5 Ng4 15. Bxg7 Kxg7 16. Bxg4 hxg4 17. Qxg4 Rh8 18. g3 e5 19. Qf3 e4 20. Qf4 Rh5 21. Rfe1 Bh3 22. Ne2 Rf5 23. Qc7 Qf6 24. Nf4 Bg4 25. Qxb7 Rh8 26. Rc6 Rxf4 27. Rxf6 Rxf6 28. Qxd5 Bf3 29. Rc1 Rh5 30. Qd8 g5 31. Rc8 gxh4 32. Qf8+ Kg6 33. Rc5 Rh7 34. gxh4 1-0

[Event "St Veit op 43rd"]
[Site "St Veit"]
[Date "2024.07.07"]
[Round "3"]
[White "Abou Wally, Adrian"]
[Black "Martinovic, David"]
[Result "1-0"]
[WhiteElo "1893"]
[BlackElo "1975"]
[PlyCount "45"]
[EventDate "2024.07.06"]
[EventType "swiss"]
[EventRounds "9"]
[EventCountry "AUT"]
[SourceTitle "CBM 221 Extra"]
[Source "ChessBase"]
[SourceDate "2024.09.30"]
[SourceVersion "1"]
[SourceVersionDate "2024.09.30"]
[SourceQuality "1"]

1. e4 e5 2. Nf3 Nc6 3. Bc4 Bc5 4. c3 Nf6 5. b4 Bb6 6. d3 d6 7. Nbd2 0-0 8. Bb3 Be6 9. Nc4 d5 10. exd5 Nxd5 11. Qc2 Ndxb4 12. cxb4 Nxb4 13. Qc3 Nxd3+ 14. Kf1 Bxc4 15. Qxc4 Nxf2 16. Ba3 Ng4 17. Re1 e4 18. Bxf8 Qxf8 19. Ng5 Ne5 20. Qxe4 Qc5 21. Bxf7+ Nxf7 22. Qxh7+ Kf8 23. Ne6+ 1-0

[Event "St Veit op 43rd"]
[Site "St Veit"]
[Date "2024.07.07"]
[Round "2"]
[White "Rempe, Jonas"]
[Black "Abou Wally, Adrian"]
[Result "1-0"]
[WhiteElo "2161"]
[BlackElo "1893"]
[PlyCount "59"]
[EventDate "2024.07.06"]
[EventType "swiss"]
[EventRounds "9"]
[EventCountry "AUT"]
[SourceTitle "CBM 221 Extra"]
[Source "ChessBase"]
[SourceDate "2024.09.30"]
[SourceVersion "1"]
[SourceVersionDate "2024.09.30"]
[SourceQuality "1"]

1. e4 e5 2. Nf3 Nc6 3. Bb5 a6 4. Ba4 Nf6 5. 0-0 b5 6. Bb3 Be7 7. Re1 0-0 8. c3 d5 9. exd5 Nxd5 10. Nxe5 Nxe5 11. Rxe5 c6 12. d3 Bd6 13. Re1 Bf5 14. Qf3 Qh4 15. g3 Qh3 16. Be3 Bxd3 17. Nd2 Rad8 18. Bxd5 cxd5 19. Bb6 Rb8 20. Qxd3 Rxb6 21. Qxd5 Bb8 22. Rad1 Rd6 23. Qb7 Rh6 24. Nf3 g5 25. Rd5 f6 26. Red1 Rf7 27. Rd8+ Kg7 28. Qxb8 Rh5 29. Rg8+ Kh6 30. Qe8 1-0

[Event "GER-ch U18"]
[Site "Willingen"]
[Date "2024.05.25"]
[Round "9"]
[White "Abou Wally, Adrian"]
[Black "Demchenko, Yaroslav"]
[Result "0-1"]
[WhiteElo "1915"]
[BlackElo "1995"]
[PlyCount "28"]
[EventDate "2024.05.19"]
[EventType "swiss"]
[EventRounds "9"]
[EventCountry "GER"]
[SourceTitle "CBM 220 Extra"]
[Source "ChessBase"]
[SourceDate "2024.07.31"]
[SourceVersion "1"]
[SourceVersionDate "2024.07.31"]
[SourceQuality "1"]

1. e4 c5 2. Nf3 Nf6 3. e5 Nd5 4. c3 Nc6 5. Bb5 Qc7 6. Qb3 e6 7. Bxc6 bxc6 8. d4 cxd4 9. cxd4 Ba6 10. Bd2 Rb8 11. Qc2 Qb6 12. b3 c5 13. Na3 Nb4 14. Qc3 cxd4 0-1

[Event "GER-ch U18"]
[Site "Willingen"]
[Date "2024.05.22"]
[Round "5"]
[White "Abou Wally, Adrian"]
[Black "Storm, Max"]
[Result "1/2-1/2"]
[WhiteElo "1915"]
[BlackElo "1903"]
[PlyCount "147"]
[EventDate "2024.05.19"]
[EventType "swiss"]
[EventRounds "9"]
[EventCountry "GER"]
[SourceTitle "CBM 220 Extra"]
[Source "ChessBase"]
[SourceDate "2024.07.31"]
[SourceVersion "1"]
[SourceVersionDate "2024.07.31"]
[SourceQuality "1"]

1. e4 c5 2. Nc3 Nc6 3. Bb5 Nd4 4. a4 a6 5. Bc4 e6 6. Nge2 Nf6 7. d3 Nc6 8. 0-0 d5 9. exd5 exd5 10. Ba2 Be7 11. Nf4 Nb4 12. Bb3 0-0 13. Re1 Bd6 14. h3 Bxf4 15. Bxf4 Be6 16. Rc1 Nd7 17. Bd6 Re8 18. Qf3 Qb6 19. Bg3 c4 20. dxc4 dxc4 21. Ba2 Nxa2 22. Nxa2 Qxb2 23. Nc3 b6 24. Nd5 Bxd5 25. Qxd5 Nf6 26. Qxc4 b5 27. axb5 axb5 28. Qc6 Rac8 29. Rxe8+ Rxe8 30. Rd1 h6 31. Bh4 Re6 32. Rd8+ Kh7 33. Qc7 Re1+ 34. Kh2 Qa1 35. Bxf6 Qxf6 36. Rd7 Qxf2 37. Rxf7 Qg1+ 38. Kg3 Re3+ 39. Rf3 Qe1+ 40. Kh2 Rxf3 41. gxf3 Qf2+ 42. Kh1 Qxf3+ 43. Kh2 Qe2+ 44. Kg1 Qc4 45. Qb7 b4 46. Kh1 Qf1+ 47. Kh2 Qf4+ 48. Kg2 Qg5+ 49. Kh2 Qf4+ 50. Kg2 Qd2+ 51. Kg3 Qc3+ 52. Kg4 Qxc2 53. Qxb4 Qg2+ 54. Kf4 g5+ 55. Ke5 Qg3+ 56. Kd5 Qf3+ 57. Ke5 Qe3+ 58. Kd5 Kg6 59. Qb1+ Kh5 60. Qd1+ Kg6 61. Qb1+ Kf6 62. Qf1+ Ke7 63. Qf5 Qd2+ 64. Ke4 Qc2+ 65. Ke5 Qc7+ 66. Ke4 Qc6+ 67. Ke5 Qd6+ 68. Ke4 Qe6+ 69. Qxe6+ Kxe6 70. Kf3 Kf5 71. Ke3 h5 72. Kf3 Ke5 73. Ke3 Kd5 74. Kd3 1/2-1/2

[Event "GER-ch U25-A"]
[Site "Willingen"]
[Date "2023.06.03"]
[Round "9"]
[White "Stiller, Maximilian"]
[Black "Abou Wally, Adrian"]
[Result "1-0"]
[WhiteElo "1657"]
[BlackElo "1753"]
[PlyCount "59"]
[EventDate "2023.05.27"]
[EventType "swiss"]
[EventRounds "9"]
[EventCountry "GER"]
[SourceTitle "CBM 214 Extra"]
[Source "ChessBase"]
[SourceDate "2023.07.31"]
[SourceVersion "1"]
[SourceVersionDate "2023.07.31"]
[SourceQuality "1"]

1. Nf3 Nf6 2. d4 g6 3. Nc3 Bg7 4. e4 d6 5. Be3 Nbd7 6. Qd2 0-0 7. 0-0-0 c6 8. Bh6 b5 9. Bd3 b4 10. Ne2 c5 11. Bxg7 Kxg7 12. e5 Ng4 13. Ng3 Qa5 14. Kb1 dxe5 15. h3 Ngf6 16. dxe5 Nd5 17. Nh5+ gxh5 18. Qg5+ Kh8 19. Qxh5 f5 20. Ng5 N7f6 21. exf6 Nxf6 22. Qh6 Ba6 23. Bxf5 Bc4 24. b3 Bg8 25. Rhe1 Rad8 26. Be6 Rxd1+ 27. Rxd1 Rd8 28. Re1 c4 29. Bxg8 Kxg8 30. Ne6 1-0

[Event "GER-ch U25-A"]
[Site "Willingen"]
[Date "2023.05.31"]
[Round "6"]
[White "Albayrak, Berrak"]
[Black "Abou Wally, Adrian"]
[Result "1/2-1/2"]
[WhiteElo "1664"]
[BlackElo "1753"]
[PlyCount "41"]
[EventDate "2023.05.27"]
[EventType "swiss"]
[EventRounds "9"]
[EventCountry "GER"]
[SourceTitle "CBM 214 Extra"]
[Source "ChessBase"]
[SourceDate "2023.07.31"]
[SourceVersion "1"]
[SourceVersionDate "2023.07.31"]
[SourceQuality "1"]

1. Nf3 Nf6 2. g3 g6 3. Bg2 Bg7 4. 0-0 0-0 5. d3 d5 6. Nbd2 Nbd7 7. e4 dxe4 8. dxe4 e5 9. Qe2 b6 10. Ne1 Bb7 11. Nd3 Qe7 12. b3 Rfe8 13. Bb2 a5 14. a4 h6 15. Nc4 Nh7 16. h4 Ba6 17. Ne3 c6 18. Rfd1 Bxd3 19. Qxd3 Nc5 20. Qd6 Qb7 21. Qd2 1/2-1/2

[Event "GER-chT U16"]
[Site "Kiel"]
[Date "2022.07.25"]
[Round "6.9"]
[White "Hahn, Peter"]
[Black "Abou Wally, Adrian"]
[Result "1-0"]
[WhiteElo "1670"]
[BlackElo "1624"]
[PlyCount "65"]
[EventDate "2022.07.22"]
[EventType "team-swiss"]
[EventRounds "7"]
[EventCountry "GER"]
[SourceTitle "CBM 209 Extra"]
[Source "ChessBase"]
[SourceDate "2022.09.30"]
[SourceVersion "1"]
[SourceVersionDate "2022.09.30"]
[SourceQuality "1"]
[WhiteTeam "Kelheim"]
[BlackTeam "Schott Jena"]
[WhiteTeamCountry "GER"]
[BlackTeamCountry "GER"]

1. d4 Nf6 2. c4 g6 3. Nc3 Bg7 4. e4 d6 5. Be2 0-0 6. Bg5 h6 7. Be3 e5 8. d5 Nbd7 9. Qd2 Kh7 10. f3 a5 11. g4 Nc5 12. h4 Ng8 13. 0-0-0 Na6 14. a3 Nc5 15. Kb1 Bd7 16. Nh3 a4 17. f4 exf4 18. Bxf4 Re8 19. h5 Nf6 20. hxg6+ fxg6 21. Nf2 Ng8 22. Bg5 Qc8 23. Rh3 h5 24. Rhh1 Rf8 25. gxh5 Nf6 26. hxg6+ Kxg6 27. Bxf6 Kxf6 28. Qd4+ Kf7 29. Rh7 Rg8 30. Rg1 Qf8 31. Bh5+ Ke7 32. Rhxg7+ Rxg7 33. Qxg7+ 1-0

[Event "GER-chT U16"]
[Site "Kiel"]
[Date "2022.07.24"]
[Round "4.10"]
[White "Abou Wally, Adrian"]
[Black "Fedgenhaeuer, Paul"]
[Result "1-0"]
[WhiteElo "1624"]
[BlackElo "1354"]
[PlyCount "75"]
[EventDate "2022.07.22"]
[EventType "team-swiss"]
[EventRounds "7"]
[EventCountry "GER"]
[SourceTitle "CBM 209 Extra"]
[Source "ChessBase"]
[SourceDate "2022.09.30"]
[SourceVersion "1"]
[SourceVersionDate "2022.09.30"]
[SourceQuality "1"]
[WhiteTeam "Schott Jena"]
[BlackTeam "Niederwiesa"]
[WhiteTeamCountry "GER"]
[BlackTeamCountry "GER"]

1. e4 e5 2. Nf3 Nf6 3. Nxe5 d6 4. Nf3 Nxe4 5. Nc3 Nxc3 6. dxc3 Be7 7. Be3 Nc6 8. Qd2 Be6 9. 0-0-0 Qd7 10. Kb1 a6 11. Nd4 Nxd4 12. Bxd4 Rg8 13. Bd3 c5 14. Be3 Rh8 15. Be4 Qa4 16. Bd5 Bxd5 17. Qxd5 Qd7 18. Bxc5 Rd8 19. Bb6 Rc8 20. Rhe1 Rc6 21. Bd4 f6 22. Re6 Kd8 23. Rde1 Re8 24. Qh5 d5 25. R6e3 Rc4 26. Qf7 Rc6 27. Qxg7 Qd6 28. Qxh7 b5 29. Qf7 Rc7 30. Re6 Qd7 31. Bb6 Rf8 32. Qxe7+ Qxe7 33. Rxe7 Kc8 34. Rxc7+ Kb8 35. Rce7 Rg8 36. Re8+ Rxe8 37. Rxe8+ Kb7 38. Bd4 1-0

[Event "GER-chT U16"]
[Site "Kiel"]
[Date "2022.07.23"]
[Round "2.9"]
[White "Abou Wally, Adrian"]
[Black "Hecht, Jonas Christian"]
[Result "0-1"]
[WhiteElo "1624"]
[BlackElo "1889"]
[PlyCount "52"]
[EventDate "2022.07.22"]
[EventType "team-swiss"]
[EventRounds "7"]
[EventCountry "GER"]
[SourceTitle "CBM 209 Extra"]
[Source "ChessBase"]
[SourceDate "2022.09.30"]
[SourceVersion "1"]
[SourceVersionDate "2022.09.30"]
[SourceQuality "1"]
[WhiteTeam "Schott Jena"]
[BlackTeam "Brombach"]
[WhiteTeamCountry "GER"]
[BlackTeamCountry "GER"]

1. e4 c5 2. Nc3 Nc6 3. Bb5 Nd4 4. a4 g6 5. Nge2 Bg7 6. d3 e6 7. 0-0 Ne7 8. f4 0-0 9. Bc4 d6 10. Ng3 Bd7 11. Kh1 a6 12. Be3 Qc7 13. Qd2 Rab8 14. a5 Ndc6 15. Nd1 Kh8 16. Ne2 f5 17. Bb3 Rbc8 18. d4 fxe4 19. dxc5 d5 20. c4 Rcd8 21. cxd5 exd5 22. Nd4 Nf5 23. Nxf5 Bxf5 24. Nc3 d4 25. Nd5 dxe3 26. Qxe3 Qf7 0-1

[Event "GER-ch Youth-B"]
[Site "Willingen"]
[Date "2022.06.10"]
[Round "8"]
[White "Birkenheier, Nicolas"]
[Black "Abou Wally, Adrian"]
[Result "1/2-1/2"]
[WhiteElo "1350"]
[BlackElo "1601"]
[PlyCount "77"]
[EventDate "2022.06.04"]
[EventType "swiss"]
[EventRounds "9"]
[EventCountry "GER"]
[SourceTitle "CBM 208 Extra"]
[Source "ChessBase"]
[SourceDate "2022.07.31"]
[SourceVersion "1"]
[SourceVersionDate "2022.07.31"]
[SourceQuality "1"]

1. e4 e5 2. Nf3 Nc6 3. Bc4 Bc5 4. c3 Nf6 5. d3 d6 6. Bb3 a6 7. Nbd2 Ba7 8. 0-0 0-0 9. Re1 Ng4 10. Re2 Kh8 11. h3 Nh6 12. Nf1 f5 13. Re1 fxe4 14. dxe4 Qf6 15. N1h2 Qg6 16. Kf1 Bxh3 17. gxh3 Qh5 18. Kg2 Rf6 19. Rg1 Raf8 20. Be3 Bxe3 21. fxe3 Rg6+ 22. Kh1 Rxg1+ 23. Qxg1 Rxf3 24. Nxf3 Qxf3+ 25. Qg2 Qxe3 26. Rf1 g6 27. Qf3 Qxf3+ 28. Rxf3 Kg7 29. Kg2 Nd8 30. Kg3 Nhf7 31. Bxf7 Nxf7 32. h4 Nd8 33. b4 Ne6 34. Rf2 Nf4 35. Rd2 Kf7 36. c4 Ke7 37. Kg4 h6 38. a4 Ne6 39. Ra2 1/2-1/2

[Event "GER-ch Youth-B"]
[Site "Willingen"]
[Date "2022.06.08"]
[Round "5"]
[White "Abou Wally, Adrian"]
[Black "Masur, Maxim"]
[Result "1-0"]
[WhiteElo "1601"]
[BlackElo "1428"]
[PlyCount "65"]
[EventDate "2022.06.04"]
[EventType "swiss"]
[EventRounds "9"]
[EventCountry "GER"]
[SourceTitle "CBM 208 Extra"]
[Source "ChessBase"]
[SourceDate "2022.07.31"]
[SourceVersion "1"]
[SourceVersionDate "2022.07.31"]
[SourceQuality "1"]

1. e4 e5 2. Nf3 Nc6 3. Bc4 Bc5 4. c3 Nf6 5. d4 exd4 6. e5 Ng4 7. cxd4 Bb4+ 8. Nc3 d5 9. Bb5 Bd7 10. 0-0 Bxc3 11. bxc3 Ne7 12. Bd3 c6 13. h3 Nh6 14. Bxh6 gxh6 15. Qd2 Nf5 16. Qf4 Qc8 17. Rfe1 Be6 18. Bxf5 Bxf5 19. Qxh6 Rg8 20. Kh2 Rg6 21. Qf4 Be4 22. Nh4 Re6 23. f3 Bg6 24. Nf5 Bxf5 25. Qxf5 Qc7 26. Qg5 Rg6 27. Qh4 f6 28. Kh1 0-0-0 29. exf6 Rdg8 30. Re7 Qd8 31. f7 Rh8 32. Rae1 Re6 33. R1xe6 1-0

[Event "GER-chT U14"]
[Site "Willingen"]
[Date "2021.06.25"]
[Round "3.9"]
[White "Abou Wally, Adrian"]
[Black "Kvantaliani, Saba"]
[Result "1-0"]
[WhiteElo "1482"]
[BlackElo "1535"]
[PlyCount "87"]
[EventDate "2021.06.23"]
[EventType "team-swiss"]
[EventRounds "7"]
[EventCountry "GER"]
[SourceTitle "EXT 2022"]
[Source "ChessBase"]
[SourceDate "2021.10.06"]
[SourceVersion "1"]
[SourceVersionDate "2021.10.06"]
[SourceQuality "1"]
[WhiteTeam "Schott Jena"]
[BlackTeam "Muenster 32"]
[WhiteTeamCountry "GER"]
[BlackTeamCountry "GER"]

1. e4 c5 2. Nc3 d6 3. Bb5+ Bd7 4. d3 g6 5. Nf3 Bg7 6. Bxd7+ Qxd7 7. 0-0 Nc6 8. Bd2 Nf6 9. Qc1 0-0 10. Bh6 a6 11. Bxg7 Kxg7 12. Re1 e5 13. Qd2 Nh5 14. Nd5 Rad8 15. Nb6 Qe8 16. Nd5 Ne7 17. Nxe7 Qxe7 18. Qg5 Qe6 19. c3 h6 20. Qe3 Nf4 21. d4 Qg4 22. g3 f5 23. dxe5 Nh3+ 24. Kg2 fxe4 25. Qxe4 Rf4 26. Qxb7+ Rd7 27. Qd5 Rdf7 28. Re3 Ng5 29. e6 Nxe6 30. Qxe6 Qxe6 31. Rxe6 Rxf3 32. Rf1 R7f6 33. Rxf6 Rxf6 34. Re1 Kf7 35. f4 c4 36. Kf3 d5 37. Re5 Rb6 38. Re2 a5 39. g4 Kf6 40. h4 a4 41. a3 Rb3 42. Ke3 h5 43. g5+ Kf5 44. Kf3 1-0

[Event "GER-chT U14"]
[Site "Willingen"]
[Date "2021.06.24"]
[Round "1.7"]
[White "Abou Wally, Adrian"]
[Black "Bungarten, Jona"]
[Result "1/2-1/2"]
[WhiteElo "1482"]
[BlackElo "1843"]
[PlyCount "49"]
[EventDate "2021.06.23"]
[EventType "team-swiss"]
[EventRounds "7"]
[EventCountry "GER"]
[SourceTitle "EXT 2022"]
[Source "ChessBase"]
[SourceDate "2021.10.06"]
[SourceVersion "1"]
[SourceVersionDate "2021.10.06"]
[SourceQuality "1"]
[WhiteTeam "Schott Jena"]
[BlackTeam "Brackel"]
[WhiteTeamCountry "GER"]
[BlackTeamCountry "GER"]

1. e4 e5 2. Nf3 Nc6 3. Bc4 Nf6 4. d3 Be7 5. 0-0 0-0 6. c3 d5 7. exd5 Nxd5 8. Re1 Bf6 9. Nbd2 Bf5 10. Ne4 Nb6 11. Bb3 a5 12. Be3 a4 13. Bc2 a3 14. b3 Nd5 15. Qd2 Bxe4 16. dxe4 Nf4 17. Rad1 Qe7 18. Kf1 Rfd8 19. Qc1 Qe6 20. h3 g5 21. Nh2 Be7 22. Rxd8+ Rxd8 23. Rd1 Bd6 24. Rd2 h5 25. Qd1 1/2-1/2

[Event "GER-ch U25-B"]
[Site "Willingen"]
[Date "2019.06.12"]
[Round "6"]
[White "Abou Wally, Adrian"]
[Black "Diegel, Yannick"]
[Result "1/2-1/2"]
[WhiteElo "1342"]
[BlackElo "1411"]
[PlyCount "41"]
[EventDate "2019.06.08"]
[EventType "swiss"]
[EventRounds "9"]
[EventCountry "GER"]
[SourceTitle "CBM 191 Extra"]
[Source "ChessBase"]
[SourceDate "2019.09.30"]
[SourceVersion "1"]
[SourceVersionDate "2019.09.30"]
[SourceQuality "1"]

1. e4 c5 2. Nc3 Nc6 3. Bb5 g6 4. Bxc6 bxc6 5. Nf3 Bg7 6. 0-0 d6 7. d3 Nf6 8. Bd2 0-0 9. Qc1 Ba6 10. Bh6 Rb8 11. Bxg7 Kxg7 12. Re1 c4 13. d4 Qb6 14. b3 Rfe8 15. Rb1 Qa5 16. Qd2 Qc7 17. h3 Nd7 18. Rbd1 cxb3 19. cxb3 Red8 20. Qc2 e5 21. dxe5 1/2-1/2

[Event "Bad Soden U14 op 5th"]
[Site "Bad Soden"]
[Date "2018.10.03"]
[Round "9.7"]
[White "Abou Wally, Adrian"]
[Black "Hery, Bastian"]
[Result "0-1"]
[WhiteElo "1313"]
[BlackElo "1096"]
[PlyCount "32"]
[EventDate "2018.09.30"]
[EventType "swiss"]
[EventRounds "7"]
[EventCountry "GER"]
[SourceTitle "EXT 2020"]
[Source "ChessBase"]
[SourceDate "2019.10.17"]
[SourceVersion "1"]
[SourceVersionDate "2019.10.17"]
[SourceQuality "1"]

1. e4 e5 2. Nf3 Nc6 3. Bc4 Bc5 4. c3 Nf6 5. d3 0-0 6. 0-0 d5 7. exd5 Nxd5 8. Re1 Re8 9. Qb3 Na5 10. Qb5 b6 11. Rxe5 c6 12. Rxe8+ Qxe8 13. Qa4 Qe2 14. Bxd5 Bxf2+ 15. Kh1 Qf1+ 16. Ng1 Qxg1# 0-1

[Event "Bad Soden U14 op 5th"]
[Site "Bad Soden"]
[Date "2018.10.01"]
[Round "3.1"]
[White "Gallasch, Jonas"]
[Black "Abou Wally, Adrian"]
[Result "1-0"]
[WhiteElo "2045"]
[BlackElo "1313"]
[PlyCount "79"]
[EventDate "2018.09.30"]
[EventType "swiss"]
[EventRounds "7"]
[EventCountry "GER"]
[SourceTitle "EXT 2020"]
[Source "ChessBase"]
[SourceDate "2019.10.17"]
[SourceVersion "1"]
[SourceVersionDate "2019.10.17"]
[SourceQuality "1"]

1. Nf3 c5 2. c4 Nc6 3. g3 g6 4. Bg2 Bg7 5. 0-0 e5 6. Nc3 d6 7. Ne1 Nge7 8. Nc2 0-0 9. Ne3 Be6 10. d3 f5 11. Ned5 h6 12. Rb1 g5 13. Bd2 Ng6 14. b4 Rb8 15. bxc5 dxc5 16. Qa4 Qa5 17. Qxa5 Nxa5 18. Na4 b6 19. Bxa5 bxa5 20. Nxc5 Rxb1 21. Rxb1 Bf7 22. Rb7 a6 23. Nxa6 e4 24. dxe4 fxe4 25. Bxe4 Re8 26. Bxg6 Bxg6 27. Ne7+ Kh7 28. Nxg6 Kxg6 29. e3 Rc8 30. c5 Bf8 31. Rb6+ Kf7 32. c6 Ke7 33. c7 Kd7 34. Rb8 Bd6 35. Kf1 Bxc7 36. Rxc8 Kxc8 37. Nxc7 Kxc7 38. Ke2 Kd6 39. f4 Ke6 40. e4 1-0

[Event "GER-ch U25-B"]
[Site "Willingen"]
[Date "2018.05.23"]
[Round "5"]
[White "Mainka, Alwin"]
[Black "Abou Wally, Adrian"]
[Result "1-0"]
[WhiteElo "1599"]
[BlackElo "1355"]
[PlyCount "111"]
[EventDate "2018.05.19"]
[EventType "swiss"]
[EventRounds "9"]
[EventCountry "GER"]
[SourceTitle "CBM 184 Extra"]
[Source "ChessBase"]
[SourceDate "2018.06.28"]
[SourceVersion "1"]
[SourceVersionDate "2018.06.28"]
[SourceQuality "1"]

1. e4 e5 2. Nf3 Nc6 3. Bb5 a6 4. Ba4 Nf6 5. 0-0 b5 6. Bb3 Be7 7. Re1 0-0 8. d3 Bb7 9. c3 d6 10. Nbd2 Na5 11. Bc2 Re8 12. Nf1 Bf8 13. Bg5 h6 14. Bd2 g6 15. a4 c5 16. Ng3 Bg7 17. h4 Kh7 18. h5 Bc8 19. Nh2 Bb7 20. Qe2 Nc6 21. Bb3 Re7 22. Qf3 Qd7 23. Qe2 b4 24. Rf1 Rf8 25. f4 exf4 26. Bxf4 Ne5 27. Bxe5 Rxe5 28. Nf3 Re7 29. Nh4 Qg4 30. Qxg4 Nxg4 31. Bxf7 g5 32. Bg6+ Kg8 33. Nhf5 Rd7 34. Nxg7 Kxg7 35. Bf5 Nf6 36. Bxd7 Nxd7 37. Nf5+ Kg8 38. Nxh6+ Kh7 39. Rxf8 Nxf8 40. Nf5 d5 41. Nd6 Bc6 42. Rf1 Ne6 43. Rf7+ Kg8 44. exd5 Bxd5 45. Rf5 Bc6 46. Re5 Bd7 47. Ne4 Nf8 48. Rxg5+ Kh7 49. Rxc5 Bxa4 50. cxb4 Ne6 51. Re5 Ng7 52. Nf6+ Kh6 53. Ng4+ Kh7 54. Re7 Kh8 55. Nf6 Bb5 56. h6 1-0

[Event "GER-ch U25-B"]
[Site "Willingen"]
[Date "2018.05.22"]
[Round "4"]
[White "Goetz, Timon"]
[Black "Abou Wally, Adrian"]
[Result "1-0"]
[WhiteElo "1413"]
[BlackElo "1355"]
[PlyCount "119"]
[EventDate "2018.05.19"]
[EventType "swiss"]
[EventRounds "9"]
[EventCountry "GER"]
[SourceTitle "CBM 184 Extra"]
[Source "ChessBase"]
[SourceDate "2018.06.28"]
[SourceVersion "1"]
[SourceVersionDate "2018.06.28"]
[SourceQuality "1"]

1. c4 c5 2. Nf3 Nc6 3. e3 g6 4. Nc3 Bg7 5. Qc2 e5 6. b3 d6 7. Bb2 Nge7 8. g3 0-0 9. Bg2 Be6 10. 0-0 f5 11. d3 h6 12. Rad1 g5 13. Ne2 Qc7 14. a3 a5 15. d4 Bd7 16. Bc3 Rab8 17. Qb2 Ng6 18. Rd2 f4 19. exf4 exd4 20. Nfxd4 cxd4 21. Bd5+ Kh8 22. Nxd4 Nxd4 23. Bxd4 Bf5 24. fxg5 hxg5 25. Qc3 b6 26. b4 axb4 27. axb4 Bxd4 28. Rxd4 Kh7 29. h4 gxh4 30. gxh4 Qg7 31. Kh1 Nf4 32. Bf3 Bh3 33. Rg1 Bg2+ 34. Bxg2 Qf6 35. Be4+ Kh8 36. Rxd6 Ne6 37. Qxf6+ Rxf6 38. Bd5 Re8 39. Rxb6 Kh7 40. Rxe6 Rexe6 41. Bxe6 Rxe6 42. Rg4 Rb6 43. b5 Kh6 44. Kg2 Kh5 45. Kg3 Rb7 46. Rg5+ Kh6 47. Kg4 Rd7 48. Rd5 Rg7+ 49. Kf4 Rf7+ 50. Rf5 Rc7 51. Rf6+ Kg7 52. Rc6 Rf7+ 53. Ke3 Re7+ 54. Kd4 Rd7+ 55. Kc5 Kf8 56. b6 Ke8 57. Rc8+ Ke7 58. Rc7 Rxc7+ 59. bxc7 Kd7 60. Kb6 1-0